000
00300nam a2200145Ia 4500
100
_a
Sumithradevi/K.A
942
_c
BK
366
_f
20
245
_a
Operating Systems
260
_b
Shroff Publishers
_c
2009
082
_a
5.43
_b
SUM
300
_a
326
546
_a
ENGLISH
_c
Computers
999
_c
34420
_d
34420